01324nam a2200289 u 450000100100000000500170001000800410002702000180006804000250008608200200011110000480013124500580017926000650023730000210030249000250032350000430034850500990039159000260049065000280051665000310054483000310057591000410060695201320064795201170077995201230089699900150101900000217520240412074159.0090701s2007 dr r 000 0 spa d a9781932271850 aDO-SdBNPbspacBNPHU aRD861.44bG633a1 aGómez Beras, Carlos Roberto,d1959-9691610aAún :b(1992-1989) /cCarlos Roberto Gómez Beras. aSan Juan, Puerto Rico ;aSanto Domingo :bIsla Negra,c2007. a182 p. ;c22 cm.1 aEl canon secuestrado aIncluye datos biográficos del autor.2 aAnimal de sombras -- Poesía sin palabras -- La paloma de la plusvalía -- Viaje a la noche. aInventariado, 2018/LP 0aPoesía dominicana966 0aLiteratura dominicana.967 0aEl canon secuestrado96917 aValidado. Control de calidad MMOLINA 001054708DSaGRbGRcHDd2009-07-17iLF1l0oRD861.44 G633ap2175-30r2020-06-25te. 3w2020-06-25yLFDSZPréstamo en sala 0010718PDaPDbPDcHDd2009-07-01iLF1l0oRD861.44 G633ap2175-10r2020-06-25w2020-06-25yLFPDZNo se presta 0010718PDaPDbPDcHDd2009-07-01iLF1l0oRD861.44 G633ap2175-20r2020-06-25te. 2w2020-06-25yLFPDZNo se presta c2023d2023